International business and culture (Record no. 217591)

MARC details
000 -LEADER
fixed length control field 00479nam a2200181Ia 4500
008 - FIXED-LENGTH DATA ELEMENTS--GENERAL INFORMATION
fixed length control field 191130s2006##################000#0#eng##
020 ## - INTERNATIONAL STANDARD BOOK NUMBER
ISBN 9788179927588
082 ## - DEWEY DECIMAL CLASSIFICATION NUMBER
Classification number 658.049 BEC
100 ## - MAIN ENTRY--AUTHOR NAME
Personal name Becker, Kip
245 ## - TITLE STATEMENT
Title International business and culture
Statement of responsibility, etc Kip Becker
260 ## - PUBLICATION, DISTRIBUTION, ETC. (IMPRINT)
Place of publication Mumbai
Name of publisher Jaico Publishing House
Year of publication 2006
300 ## - PHYSICAL DESCRIPTION
Number of Pages 172 p
650 ## - SUBJECT ADDED ENTRY--TOPICAL TERM
Topical Term Business
991 ## -
-- 356486
Holdings
Withdrawn status Lost status Damaged status Not for loan Home library Current library Shelving location Date acquired Full call number Accession Number Price effective from Koha item type
        Anna Centenary Library Anna Centenary Library 6TH FLOOR, A WING 13.10.2020 658.049 BEC 379857 13.10.2020 English Books

Find us on the map